| 000 | 01604cad a22003135a 4500 | ||
|---|---|---|---|
| 001 | L159437 | ||
| 008 | 131031s2016 xxk f f 001 0 eng d | ||
| 020 | _a9781783211715 | ||
| 035 | _a(Sirsi) u159437 | ||
| 041 | 0 | _aeng | |
| 041 | 0 | _aptg | |
| 050 | 0 | 4 | _a333.332 $2 18 |
| 110 | 2 |
_aRoyal Institution of Chartered Surveyors _94900 |
|
| 240 | 0 | 0 | _aRed Book |
| 245 | 0 | 0 |
_aApplication of the RICS Valuation - Professional Standards in Portugal _h[electronic resource] |
| 260 |
_aLondon _bRICS _c2016 |
||
| 300 | _a5 p. | ||
| 490 | 0 | _aRICS Valuation Standards | |
| 490 | 0 | _aRICS Professional Statement | |
| 505 | 2 | _aPTPS 1: Compliance with Law no. 153/2015 of 14 September ? Property Valuation Experts (Peritos Avaliadores de Imóveis ? PAIs) -- PTPS 2: Guidelines for RICS members who perform valuations in Portugal. | |
| 520 | _aThis RICS national association valuation standard covers the application of the Red Book in Portugal. It is provided in both English and Portuguese. Effective from 1 September 2016 | ||
| 650 | 2 | 4 | _aRICS VALUATION STANDARDS |
| 650 | 2 | 4 | _aLaw no. 153/2015 |
| 651 | 4 | _aPortugal | |
| 690 |
_aValuation _96273 |
||
| 856 | 4 | 0 |
_uhttps://www.isurv.com/downloads/file/6895/application_of_the_rics_valuation_professional_standards_in_portugal_1st_edition _zEnglish language version archived on iSurv (subscription required) |
| 856 | 4 | 0 |
_uhttps://www.isurv.com/downloads/file/6894/aplica%C3%A7%C3%A3o_da_avalia%C3%A7%C3%A3o_rics_normas_profissionais_em_portugal_1%C2%AA_edi%C3%A7%C3%A3o _zPortuguese version archived on iSurv (subscription required) |
| 942 |
_n0 _2ddc |
||
| 999 |
_c115898 _d115898 |
||